[Event "LSS WC-2013-P-00005"]
[Site "LSS email"]
[Date "2009.02.14"]
[Round "?"]
[White "Pecotic, Kuzma"]
[Black "Rodrigues, Antonio M Cruz"]
[Result "1/2-1/2"]
[WhiteElo "2201"]
[BlackElo "1747"]
[PlyCount "58"]
[EventDate "2009.02.18"]
[EventType "tourn (corr)"]
[EventRounds "6"]
[EventCountry "GER"]
[SourceTitle "Corr 2011"]
[Source "ChessBase"]
[SourceDate "2010.08.31"]
[SourceVersion "1"]
[SourceVersionDate "2010.08.31"]
[SourceQuality "1"]

1. e4 e6 2. d4 d5 3. Nd2 Nf6 4. e5 Nfd7 5. Bd3 c5 6. c3 Nc6 7. Ne2 cxd4 8. cxd4 f6 9. exf6 Nxf6 10. Nf3 Bd6 11. 0-0 Qb6 12. Nc3 0-0 13. Be3 Bd7 14. a3 Kh8 15. h3 Rac8 16. Na4 Qd8 17. Rc1 e5 18. Rxc6 Bxc6 19. dxe5 d4 20. Bxd4 Bxe5 21. Bxe5 Bxa4 22. Qxa4 Qxd3 23. Qxa7 Qb3 24. Re1 Rfe8 25. Qd4 Qf7 26. Rd1 Rc4 27. Qd2 Rec8 28. Bc3 Ne4 29. Ng5 Nxg5 1/2-1/2

[Event "LSS WC-2013-P-00005"]
[Site "LSS email"]
[Date "2009.02.14"]
[Round "?"]
[White "Rodrigues, Antonio M Cruz"]
[Black "Mason, Ian J"]
[Result "1/2-1/2"]
[WhiteElo "1754"]
[BlackElo "2162"]
[PlyCount "31"]
[EventDate "2009.02.18"]
[EventType "tourn (corr)"]
[EventRounds "6"]
[EventCountry "GER"]
[SourceTitle "Corr 2011"]
[Source "ChessBase"]
[SourceDate "2010.08.31"]
[SourceVersion "1"]
[SourceVersionDate "2010.08.31"]
[SourceQuality "1"]

1. d4 Nf6 2. c4 e6 3. Nf3 d5 4. Nc3 c6 5. cxd5 exd5 6. Qc2 Be7 7. Bg5 g6 8. e4 dxe4 9. Bxf6 Bxf6 10. Qxe4+ Qe7 11. 0-0-0 Be6 12. d5 cxd5 13. Nxd5 Bxd5 14. Qxe7+ Kxe7 15. Rxd5 Nd7 16. Bb5 1/2-1/2

[Event "LSS CP-2008-P-00045"]
[Site "LSS email"]
[Date "2008.10.01"]
[Round "?"]
[White "Pannekoek, Willem Jan"]
[Black "Rodrigues, Antonio M Cruz"]
[Result "1-0"]
[WhiteElo "2192"]
[BlackElo "1754"]
[PlyCount "95"]
[EventDate "2008.10.01"]
[EventType "tourn (corr)"]
[EventRounds "6"]
[EventCountry "GER"]
[SourceTitle "Corr 2011"]
[Source "ChessBase"]
[SourceDate "2010.08.31"]
[SourceVersion "1"]
[SourceVersionDate "2010.08.31"]
[SourceQuality "1"]

1. e4 e6 2. d4 d5 3. Nd2 Nf6 4. e5 Nfd7 5. Bd3 c5 6. c3 Nc6 7. Ngf3 f5 8. exf6 Nxf6 9. 0-0 Bd6 10. dxc5 Bxc5 11. b4 Bd6 12. b5 Ne5 13. Nxe5 Bxe5 14. Bb2 Bf4 15. Re1 0-0 16. g3 Bc7 17. c4 Bb6 18. Rc1 Ne4 19. Nxe4 dxe4 20. Rxe4 Bxf2+ 21. Kg2 Bc5 22. Re5 Qd6 23. Rh5 Rf2+ 24. Kh1 Rxb2 25. Bxh7+ Kf7 26. Qf3+ Ke7 27. Rd1 Rd2 28. Rxd2 Qxd2 29. Rxc5 Bd7 30. Qd3 Qxd3 31. Bxd3 b6 32. Rc7 Kd6 33. Rb7 g5 34. Kg2 g4 35. a4 e5 36. Be4 Be6 37. c5+ bxc5 38. b6 a6 39. Ra7 Rb8 40. b7 Bc4 41. Ra8 Kc7 42. Kf2 Rg8 43. Ke3 Rb8 44. Bc6 Rxb7 45. Bxb7 Kxb7 46. Re8 Bb3 47. a5 Kc6 48. Rxe5 1-0

[Event "LSS CP-2008-P-00045"]
[Site "LSS email"]
[Date "2008.10.01"]
[Round "?"]
[White "Rodrigues, Antonio M Cruz"]
[Black "Weber, Karlheinz"]
[Result "0-1"]
[WhiteElo "1754"]
[BlackElo "2269"]
[PlyCount "110"]
[EventDate "2008.10.01"]
[EventType "tourn (corr)"]
[EventRounds "6"]
[EventCountry "GER"]
[SourceTitle "Corr 2011"]
[Source "ChessBase"]
[SourceDate "2010.08.31"]
[SourceVersion "1"]
[SourceVersionDate "2010.08.31"]
[SourceQuality "1"]

1. d4 d5 2. c4 dxc4 3. e4 e5 4. Nf3 exd4 5. Bxc4 Bb4+ 6. Nbd2 Nc6 7. 0-0 Nf6 8. e5 Nd5 9. Nb3 Nb6 10. Bg5 Be7 11. Bxe7 Qxe7 12. Bb5 Bd7 13. Bxc6 Bxc6 14. Nfxd4 Bd5 15. Qg4 g6 16. Rac1 h5 17. Qh3 0-0 18. f4 Rfe8 19. Rf2 Rad8 20. Qg3 Nc4 21. Rfc2 c5 22. Nf5 Qe6 23. Ne3 Nxe3 24. Nxc5 Qf5 25. Qxe3 b6 26. Na6 Bb7 27. Nb4 a5 28. Nc6 Rd1+ 29. Kf2 Bxc6 30. Rxc6 Rd3 31. Rc8 Rxe3 32. Rxe8+ Kg7 33. Kxe3 g5 34. Rc4 Qb1 35. Rcc8 Qg1+ 36. Kd3 Qf1+ 37. Kc3 Qxf4 38. g3 Qe3+ 39. Kc4 Qe2+ 40. Kb3 Kg6 41. h4 Qd3+ 42. Ka4 Qd4+ 43. Kb5 Qxb2+ 44. Ka6 gxh4 45. gxh4 Qxa2 46. Kxb6 a4 47. Ka5 a3 48. Ka4 Qa1 49. Rg8+ Kf5 50. Rg5+ Ke4 51. Rc4+ Kd5 52. Rc2 a2 53. e6+ f5 54. Ka3 Qb1 55. Rxf5+ Kxe6 0-1

[Event "LSS BI-2007-F-00008"]
[Site "LSS email"]
[Date "2008.02.15"]
[Round "?"]
[White "Pedro, Fernando"]
[Black "Rodrigues, Antonio M Cruz"]
[Result "1/2-1/2"]
[WhiteElo "2099"]
[BlackElo "1771"]
[PlyCount "40"]
[EventDate "2008.02.15"]
[EventType "tourn (corr)"]
[EventRounds "10"]
[EventCountry "GER"]
[SourceTitle "Telechess CBM 127"]
[Source "C hessBase"]
[SourceDate "2008.11.13"]
[SourceVersion "1"]
[SourceVersionDate "2008.11.13"]
[SourceQuality "1"]

1. e4 e6 2. d4 d5 3. Nc3 dxe4 4. Nxe4 Nd7 5. Bd3 Ngf6 6. Bg5 h6 7. Bh4 g5 8. Bg3 Nxe4 9. Bxe4 f5 10. Bf3 f4 11. Bh5+ Ke7 12. Bxf4 gxf4 13. Nh3 Rg8 14. Nxf4 c6 15. Qf3 Nf6 16. 0-0-0 Qa5 17. Rhe1 Nxh5 18. Nxh5 Qxa2 19. Qf6+ Ke8 20. d5 Qa1+ 1/2-1/2

[Event "LSS BI-2007-F-00008"]
[Site "LSS email"]
[Date "2008.02.15"]
[Round "?"]
[White "Traczewski, Wojciech"]
[Black "Rodrigues, Antonio M Cruz"]
[Result "1-0"]
[WhiteElo "1793"]
[BlackElo "1771"]
[PlyCount "109"]
[EventDate "2008.02.15"]
[EventType "tourn (corr)"]
[EventRounds "10"]
[EventCountry "GER"]
[SourceTitle "Corr 2011"]
[Source "ChessBase"]
[SourceDate "2010.08.31"]
[SourceVersion "1"]
[SourceVersionDate "2010.08.31"]
[SourceQuality "1"]

1. e4 e6 2. d4 d5 3. Nc3 dxe4 4. Nxe4 Nd7 5. Nf3 Ngf6 6. Bd3 c5 7. Nxf6+ Nxf6 8. dxc5 Bxc5 9. 0-0 0-0 10. Bg5 h6 11. Bh4 Qb6 12. Bxf6 gxf6 13. Rb1 Qc7 14. Qd2 Kg7 15. Rfe1 Rd8 16. a3 Bd6 17. Re4 f5 18. Rh4 f4 19. Rg4+ Kh8 20. Re1 e5 21. Rh4 Kg7 22. Qe2 f6 23. Nd4 Bf8 24. Qh5 Kh8 25. Nf5 Bxf5 26. Qxf5 Rd6 27. Rg4 Qd7 28. Qg6 Qg7 29. Qh5 Qc7 30. g3 f3 31. h3 Rad8 32. Re3 a6 33. Rg6 b5 34. Re4 Qh7 35. Reg4 e4 36. Bxe4 Rd1+ 37. Kh2 Rf1 38. Rg8+ Qxg8 39. Rxg8+ Kxg8 40. Bd5+ Kh8 41. Qxf3 Rxd5 42. Qxd5 Rxf2+ 43. Kg1 Rxc2 44. Qf7 Rc1+ 45. Kf2 Bg7 46. Qe8+ Kh7 47. Qe4+ f5 48. Qxf5+ Kh8 49. Qg6 Ra1 50. Qxa6 Ra2 51. Qc8+ Kh7 52. Qe6 Rxb2+ 53. Kf3 Bf8 54. Qf5+ Kg8 55. Kg4 1-0

[Event "IECG RI.2007.0.00093 email"]
[Site "IECG email"]
[Date "2007.02.16"]
[Round "?"]
[White "Asilkefeli, Metin"]
[Black "Rodrigues, Antonio M Cruz"]
[Result "0-1"]
[WhiteElo "1759"]
[BlackElo "1764"]
[PlyCount "44"]
[EventDate "2007.02.16"]
[EventType "tourn (corr)"]
[EventRounds "6"]
[SourceTitle "Corr 2008"]
[Source "ChessBase"]
[SourceDate "2008.06.24"]
[SourceVersion "1"]
[SourceVersionDate "2008.06.24"]
[SourceQuality "1"]

1. e4 e6 2. d4 d5 3. Nd2 Nf6 4. Bd3 c5 5. exd5 Qxd5 6. Ngf3 cxd4 7. 0-0 Nc6 8. Re1 Be7 9. h3 0-0 10. Nb3 Rd8 11. Bf4 b6 12. Qe2 Bb7 13. Rad1 Nb4 14. Bc4 Qf5 15. Be5 Bxf3 16. gxf3 Nxc2 17. Bd3 Qg5+ 18. Kh2 Nxe1 19. Rxe1 Qh6 20. Rg1 Nh5 21. Qe4 f5 22. Qb7 Bf6 0-1

[Event "IECG RI.2007.0.00093 email"]
[Site "IECG email"]
[Date "2007.02.16"]
[Round "?"]
[White "Malmstroem, Jan"]
[Black "Rodrigues, Antonio M Cruz"]
[Result "1/2-1/2"]
[WhiteElo "1848"]
[BlackElo "1764"]
[PlyCount "38"]
[EventDate "2007.02.16"]
[EventType "tourn (corr)"]
[EventRounds "6"]
[SourceTitle "Corr 2008"]
[Source "ChessBase"]
[SourceDate "2008.06.24"]
[SourceVersion "1"]
[SourceVersionDate "2008.06.24"]
[SourceQuality "1"]

1. c4 c6 2. Nc3 d5 3. cxd5 cxd5 4. d4 Nf6 5. Nf3 e6 6. Bg5 Be7 7. e3 0-0 8. Bd3 Nc6 9. 0-0 h6 10. Bh4 Bd7 11. Ne5 Nxe5 12. dxe5 Ne4 13. Bxe7 Nxc3 14. Bxd8 Nxd1 15. Be7 Nxb2 16. Bxf8 Nxd3 17. Bd6 Ba4 18. g4 Rc8 19. Kg2 Bc2 1/2-1/2

[Event "LSS SI-2006-0-00063"]
[Site "LSS email"]
[Date "2007.01.02"]
[Round "?"]
[White "Rodrigues, Antonio M Cruz"]
[Black "Campbell, Iain S"]
[Result "1-0"]
[WhiteElo "1802"]
[BlackElo "1504"]
[PlyCount "29"]
[EventDate "2006.12.28"]
[EventType "tourn (corr)"]
[EventRounds "10"]
[EventCountry "GER"]
[SourceTitle "Corr 2015"]
[Source "ChessBase"]
[SourceDate "2015.07.17"]
[SourceVersion "1"]
[SourceVersionDate "2015.07.17"]
[SourceQuality "1"]

1. Nf3 g6 2. g3 Bg7 3. Bg2 d6 4. 0-0 f5 5. d4 Nf6 6. c4 0-0 7. Nc3 Nc6 8. d5 Ne5 9. Nxe5 dxe5 10. Qb3 Kh8 11. Rd1 h6 12. Bd2 g5 13. Be1 f4 14. c5 fxg3 15. hxg3 1-0

[Event "IECG RI.2006.0.00066"]
[Site "IECG email"]
[Date "2006.08.30"]
[Round "?"]
[White "Muller, Henry"]
[Black "Rodrigues, Antonio M Cruz"]
[Result "1-0"]
[WhiteElo "1922"]
[BlackElo "1650"]
[PlyCount "59"]
[EventDate "2006.08.30"]
[EventType "tourn (corr)"]
[EventRounds "6"]
[SourceTitle "Corr 2008"]
[Source "ChessBase"]
[SourceDate "2008.06.24"]
[SourceVersion "1"]
[SourceVersionDate "2008.06.24"]
[SourceQuality "1"]

1. e4 e6 2. d4 c5 3. Nf3 d5 4. Nbd2 cxd4 5. exd5 Qxd5 6. Bc4 Qd6 7. 0-0 Nf6 8. Nb3 Nc6 9. Nbxd4 Nxd4 10. Nxd4 a6 11. Re1 Be7 12. c3 0-0 13. Qf3 Qc7 14. Bd3 Bd6 15. Kh1 h6 16. Bxh6 Bxh2 17. Bg5 Be5 18. Qh3 Re8 19. Nf3 Bd6 20. Bxf6 gxf6 21. Qh6 Bf4 22. Qh7+ Kf8 23. Nh4 Rd8 24. Nf5 Ke8 25. Rad1 Bd6 26. Ng7+ Kf8 27. Bc4 b5 28. Nf5 Ke8 29. Qg8+ Kd7 30. Rxd6+ 1-0

[Event "IECG RI.2006.0.00066"]
[Site "IECG email"]
[Date "2006.08.30"]
[Round "?"]
[White "Rodrigues, Antonio M Cruz"]
[Black "Pott, Brian"]
[Result "1/2-1/2"]
[WhiteElo "1650"]
[BlackElo "1894"]
[PlyCount "61"]
[EventDate "2006.08.30"]
[EventType "tourn (corr)"]
[EventRounds "6"]
[SourceTitle "Corr 2008"]
[Source "ChessBase"]
[SourceDate "2008.06.24"]
[SourceVersion "1"]
[SourceVersionDate "2008.06.24"]
[SourceQuality "1"]

1. d4 Nf6 2. c4 g6 3. Nc3 Bg7 4. e4 d6 5. Nf3 0-0 6. Be2 e5 7. 0-0 Nc6 8. d5 Ne7 9. Bg5 Nh5 10. Ne1 Nf4 11. Nd3 Nxe2+ 12. Qxe2 h6 13. Bd2 f5 14. f4 fxe4 15. Nxe4 exf4 16. Bxf4 b5 17. Bg3 bxc4 18. Rxf8+ Qxf8 19. Nf4 g5 20. Nh5 Bd4+ 21. Bf2 Bxf2+ 22. Nxf2 Nxd5 23. Qxc4 Be6 24. Ng4 Nf4 25. Ngf6+ Kh8 26. Qe4 Bg8 27. Nxf4 gxf4 28. Qxf4 Qg7 29. b3 Rf8 30. Rf1 Be6 31. Qf3 1/2-1/2

[Event "IECG RI.2006.0.00065"]
[Site "IECG email"]
[Date "2006.08.17"]
[Round "?"]
[White "Rodrigues, Antonio M Cruz"]
[Black "Groth, Detlef"]
[Result "1-0"]
[WhiteElo "1650"]
[BlackElo "1950"]
[PlyCount "61"]
[EventDate "2006.08.17"]
[EventType "tourn (corr)"]
[EventRounds "6"]
[SourceTitle "Corr 2008"]
[Source "ChessBase"]
[SourceDate "2008.06.24"]
[SourceVersion "1"]
[SourceVersionDate "2008.06.24"]
[SourceQuality "1"]

1. d4 c5 2. d5 Nf6 3. c4 Ne4 4. Qc2 Qa5+ 5. Nd2 Nf6 6. e4 d6 7. Ne2 e5 8. Nc3 Be7 9. Be2 Nbd7 10. 0-0 Nf8 11. a3 Qd8 12. b4 b6 13. bxc5 bxc5 14. Rb1 Ng6 15. Re1 0-0 16. Nf1 Bd7 17. Ng3 Nf4 18. Bf3 g5 19. Bd2 Kg7 20. Nd1 Rh8 21. Ne3 h5 22. Ngf5+ Kf8 23. Kh1 Qe8 24. Rb7 g4 25. Bd1 Qc8 26. Qb1 Ne8 27. Nxe7 Kxe7 28. Ba4 Nc7 29. Bxd7 Kxd7 30. Qb5+ Kd8 31. Ba5 1-0

[Event "CFriend SI-2004-0-00042 email"]
[Site "Chessfriend.com"]
[Date "2005.11.28"]
[Round "1"]
[White "Endean, Andrew"]
[Black "Rodrigues, Antonio M Cruz"]
[Result "1/2-1/2"]
[WhiteElo "1606"]
[BlackElo "1639"]
[PlyCount "31"]
[EventDate "2005.11.28"]
[EventType "tourn (corr)"]
[EventRounds "6"]
[SourceTitle "Corr 2008"]
[Source "ChessBase"]
[SourceDate "2008.06.24"]
[SourceVersion "1"]
[SourceVersionDate "2008.06.24"]
[SourceQuality "1"]

1. d4 Nf6 2. c4 e5 3. dxe5 Ng4 4. Bf4 Nc6 5. Nf3 Bb4+ 6. Nbd2 Qe7 7. e3 Ngxe5 8. Nxe5 Nxe5 9. Be2 b6 10. 0-0 Bxd2 11. Qxd2 Bb7 12. Qc3 d6 13. c5 bxc5 14. Bxe5 Qxe5 15. Qxe5+ dxe5 16. Rfd1 1/2-1/2

[Event "CFriend SI-2004-0-00042 email"]
[Site "Chessfriend.com"]
[Date "2005.11.28"]
[Round "?"]
[White "Rodrigues, Antonio M Cruz"]
[Black "Sherwood, Russell"]
[Result "1/2-1/2"]
[WhiteElo "1639"]
[BlackElo "1748"]
[PlyCount "68"]
[EventDate "2005.11.28"]
[EventType "tourn (corr)"]
[EventRounds "6"]
[SourceTitle "Corr 2008"]
[Source "ChessBase"]
[SourceDate "2008.06.24"]
[SourceVersion "1"]
[SourceVersionDate "2008.06.24"]
[SourceQuality "1"]

1. d4 d5 2. c4 c6 3. cxd5 cxd5 4. Nc3 Nf6 5. Bg5 Nc6 6. Nf3 Ne4 7. Bf4 e6 8. e3 Bb4 9. Qb3 Bxc3+ 10. bxc3 g5 11. Bg3 h5 12. Ne5 h4 13. Nxc6 bxc6 14. Be5 f6 15. f3 fxe5 16. fxe4 0-0 17. Bd3 exd4 18. exd4 c5 19. dxc5 Qc7 20. Qb4 Bb7 21. Qd4 dxe4 22. Bc4 Rad8 23. Qe3 Qe5 24. Rd1 Rxd1+ 25. Kxd1 Bd5 26. Bxd5 exd5 27. Qd4 Qe6 28. Re1 Rf5 29. g4 Rf7 30. Kd2 Re7 31. Rf1 e3+ 32. Ke1 Rb7 33. Qd3 Kg7 34. Qd4+ Kg6 1/2-1/2

[Event "IECG CP.2002.P.00034 email"]
[Site "IECG email"]
[Date "2002.10.01"]
[Round "?"]
[White "Rodrigues, Antonio M Cruz"]
[Black "Fierry Fraillon, David"]
[Result "1/2-1/2"]
[WhiteElo "1700"]
[BlackElo "1950"]
[PlyCount "57"]
[EventDate "2002.10.01"]
[EventType "tourn (corr)"]
[EventRounds "6"]
[EventCountry "SRI"]
[SourceTitle "Corr 2008"]
[Source "ChessBase"]
[SourceDate "2008.06.24"]
[SourceVersion "1"]
[SourceVersionDate "2008.06.24"]
[SourceQuality "1"]

1. d4 Nf6 2. c4 g6 3. Nc3 d5 4. Bf4 Bg7 5. Qa4+ Bd7 6. Qb3 dxc4 7. Qxb7 Nc6 8. Qxc7 Qxc7 9. Bxc7 Nxd4 10. Rc1 Rc8 11. Be5 Nc6 12. Bf4 Bf5 13. Nf3 0-0 14. h3 Nb4 15. Bd2 Rfd8 16. g4 Bd7 17. a3 Nc6 18. e4 Be6 19. Be3 Nd7 20. Ng5 Nde5 21. Nxe6 fxe6 22. f4 Nd3+ 23. Bxd3 Rxd3 24. Kf2 Bxc3 25. Rxc3 Rxc3 26. bxc3 Rb8 27. Rd1 Rb7 28. Rc1 Kf7 29. Bc5 1/2-1/2

[Event "IECG TE.2002.P.01115 email"]
[Site "IECG email"]
[Date "2002.??.??"]
[Round "?"]
[White "Rodrigues, Antonio M Cruz"]
[Black "Nenciulescu, Silviu Catalin"]
[Result "0-1"]
[WhiteElo "1700"]
[BlackElo "2248"]
[PlyCount "28"]
[EventDate "2002.12.30"]
[EventType "tourn (corr)"]
[EventRounds "12"]
[SourceTitle "Corr 2008"]
[Source "ChessBase"]
[SourceDate "2008.06.24"]
[SourceVersion "1"]
[SourceVersionDate "2008.06.24"]
[SourceQuality "1"]

1. d4 Nf6 2. c4 c5 3. d5 e6 4. Nc3 exd5 5. cxd5 d6 6. e4 g6 7. f4 Bg7 8. Bb5+ Nfd7 9. a4 Qh4+ 10. g3 Qe7 11. Nf3 0-0 12. 0-0 Na6 13. Nd2 Bd4+ 14. Kg2 Nf6 0-1